Statistics for Golda Meir Quiz

Click here to take the quiz!

General Stats

  • This quiz has been taken 14 times
  • The average score is 4 of 9

Answer Stats

QuestionAnswer% Correct
Which year did Golda become Prime Minister of Israel?1969
100%
What town did she immigrate to when she was a kid?Milwaukee
67%
What year was Golda born in?1898
50%
What year did Golda die in?1978
50%
What city did she spend her early life in (0-5)?Kiev
50%
Who did she marry?Morris Meyerson
33%
Did Golda move with her older brother or older sister when her parents tried to engage her to someone twice her age?Sister
33%
What was her cause of death?Cancer
17%
Who threatened to punish Golda if she makes a speech?Her father
17%

Score Distribution

Percentile by Number Answered

Percent of People with Each Score

Your Score History

You have not taken this quiz